000
00261nam a22001217a 4500
003
SGT
082
_b
CHA
100
_a
CHAUDHARI, MANOJ KUMAR
245
_a
GENDER, SCHOOL & SOCIETY
260
_a
DELHI
_b
EDU. PUB.
_c
2016
300
_a
216
942
_2
ddc
_c
BK
_0
1
999
_c
19903
_d
19903